000 00992nam0a22003011 4500
001 v19\rc\1679523
005 20250619020140.0
035 _a(NLR Aleph) 004785617
090 _a4690228
_c4690228
100 _a20061002d1895 |||y0rusy50 ca
101 0 _arus
102 _aRU
105 _aa z |||||
200 1 _aСовременный велосипед
_eВыбор его и применение
_fА.П. Ивашенцов
210 _aСанкт-Петербург
_cФ.В. Щепанский
_d1895
215 _a277 с.
_cил.
_d17
320 _aБиблиогр.: с. 269-274
700 1 _4070
_7ca
_8rus
_aИвашенцов
_bА. П.
_f1857-1913
_gАлександр Петрович
_9247848
_3RU\NLR\AUTH\770247904
801 0 _aRU
_bNLR
_gpsbo
801 0 _aRU
_bRuMoRGB
_2psbo
801 1 _aRU
_bProSoft-M
_2rusmarc
852 _aNLR
_j18.20.6.17
899 _aRuMoRGB
_jT 71/303
899 _aRuMoRGB
_jB 43/49
899 _aБАН
942 _cBOOK
980 _aNB